[Event "Lumpy's Christmas Cracker!"]
[Site "SchemingMind.com"]
[Date "2011.12.06"]
[Round "-"]
[White "Olli Ylönen"]
[Black "Clive Everill"]
[Result "0-1"]
[WhiteCountry "FIN"]
[BlackCountry "CZE"]
[WhiteElo "1797"]
[WhiteRD "52"]
[BlackElo "1733"]
[BlackRD "52"]
[GameID "298227"]

1. e4 c5 2. Nf3 Nc6 3. d4 cxd4 4. Nxd4 Qb6 5. Nb3 Nf6 6. Nc3 e6 7. Be3 Qd8 8. a3 b6 9. Be2 Bb7 10. f4 d5
11. e5 Nd7 12. Qd2 Be7 13. Nd4 Rc8 14. O-O-O a6 15. g4 Qc7 16. Rhg1 Nxd4 17. Bxd4 b5 18. f5 h6 19. Rdf1 Nxe5 20. fxe6 fxe6
21. g5 hxg5 22. Rxg5 Nc4 23. Bxc4 Qxc4 24. Qf2 Rf8 25. Qh4 Qxf1+ 26. Kd2 Bxg5+ 27. Qxg5 Qf4+
0-1

[Event "Lumpy's Christmas Cracker!"]
[Site "SchemingMind.com"]
[Date "2011.12.06"]
[Round "-"]
[White "Clive Everill"]
[Black "Olli Ylönen"]
[Result "0-1"]
[WhiteCountry "CZE"]
[BlackCountry "FIN"]
[WhiteElo "1733"]
[WhiteRD "52"]
[BlackElo "1797"]
[BlackRD "52"]
[GameID "298228"]

1. c4 c5 2. Nc3 Nc6 3. Nf3 Nd4 4. g3 Nxf3+ 5. exf3 Nf6 6. d4 cxd4 7. Qxd4 g6 8. b3 Bg7 9. Bb2 O-O 10. Bg2 d6
11. O-O Be6 12. f4 Nd5 13. Qd2 Nxc3 14. Bxc3 Bxc3 15. Qxc3 Rb8 16. h4 Qc7 17. Qe3 Qc5 18. Qd2 b5 19. cxb5 Rxb5 20. Rfc1 Qb6
21. Rc3 Rc8 22. Rac1 Rxc3 23. Rxc3 a5 24. Rc6 Qd8 25. Bf1 Rb8 26. Bg2 Rb4 27. Rc5 Qb6 28. Rc6 Rd4 29. Qc1 Qa7 30. Kh2 Rd3
31. Bf1 Qxf2+ 32. Bg2 Rxg3 33. Rc2 Rh3#
0-1

[Event "Lumpy's Christmas Cracker!"]
[Site "SchemingMind.com"]
[Date "2011.12.04"]
[Round "-"]
[White "emvarela"]
[Black "Clive Everill"]
[Result "0-1"]
[WhiteCountry "ARG"]
[BlackCountry "CZE"]
[WhiteElo "1819"]
[WhiteRD "48"]
[BlackElo "1733"]
[BlackRD "56"]
[GameID "298274"]

1. e4 d6 2. d4 g6 3. Nc3 c6 4. f4 d5 5. e5 h5 6. Nf3 Nh6 7. Be3 Bg4 8. h3 Nf5 9. Bf2 Bxf3 10. Qxf3 h4
11. Bd3 e6 12. Bxf5 gxf5 13. Kd2 Nd7 14. g3 hxg3 15. Bxg3 Qe7 16. a3 O-O-O 17. h4 Nb6 18. b3 Bh6 19. h5 Rdg8 20. Bh4 Qf8
21. Bf6 Bg7 22. Bxg7 Rxg7 23. Rh2 Rhg8 24. Rah1 Qxa3 25. h6 Rg3 26. Qd1 Nc4+ 27. Ke2 Nb2 28. Nb1 Qa6+ 29. Kf2 Nxd1+
0-1

[Event "Lumpy's Christmas Cracker!"]
[Site "SchemingMind.com"]
[Date "2011.12.07"]
[Round "-"]
[White "emvarela"]
[Black "Olli Ylönen"]
[Result "0-1"]
[WhiteCountry "ARG"]
[BlackCountry "FIN"]
[WhiteElo "1803"]
[WhiteRD "48"]
[BlackElo "1843"]
[BlackRD "55"]
[GameID "298275"]

1. d4 e6 2. c4 Nc6 3. Nf3 d5 4. Nc3 Nf6 5. Bg5 Be7 6. e3 O-O 7. Bd3 dxc4 8. Bxc4 Nd5 9. Bxe7 Ncxe7 10. O-O Nxc3
11. bxc3 b6 12. Qb3 Rb8 13. Rfd1 Nd5 14. Bxd5 Qxd5 15. Qxd5 exd5 16. Ne5 Be6 17. Nc6 Rb7 18. f3 Bd7 19. e4 Bxc6 20. e5 Bd7
21. Rd2 Be6 22. g4 g5 23. h3 f5 24. Rf1 fxg4 25. fxg4 Rxf1+ 26. Kxf1 c5 27. dxc5 bxc5 28. Ke2 Kg7 29. Ke3 Kg6
0-1

[Event "Lumpy's Christmas Cracker!"]
[Site "SchemingMind.com"]
[Date "2011.12.03"]
[Round "-"]
[White "Clive Everill"]
[Black "emvarela"]
[Result "0-1"]
[WhiteCountry "CZE"]
[BlackCountry "ARG"]
[WhiteElo "1733"]
[WhiteRD "56"]
[BlackElo "1819"]
[BlackRD "48"]
[GameID "298276"]

1. c4 f5 2. Nf3 Nf6 3. g3 e6 4. Bg2 Be7 5. O-O O-O 6. b3 c5 7. Bb2 Nc6 8. e3 Qc7 9. d4 b6 10. Ne5 Bb7
11. Nxc6 Bxc6 12. Bxc6 Qxc6 13. Nc3 cxd4 14. exd4 a6 15. Qe2 d5 16. Rfe1 Bb4 17. Qxe6+ Qxe6 18. Rxe6 Bxc3 19. Bxc3 dxc4 20. bxc4 b5
21. cxb5 axb5 22. Bb4 Rfd8 23. Bc5 Re8 24. Rb6 Re2 25. a3 Ne4 26. Rxb5 Rxf2 27. Rab1 Ra2 28. Rb8+ Rxb8 29. Rxb8+ Kf7 30. Bb4 Ra1+
31. Kg2 Ra2+ 32. Kh3 Ng5+ 33. Kh4 Nf3+
0-1

[Event "Lumpy's Christmas Cracker!"]
[Site "SchemingMind.com"]
[Date "2011.12.07"]
[Round "-"]
[White "Olli Ylönen"]
[Black "emvarela"]
[Result "1-0"]
[WhiteCountry "FIN"]
[BlackCountry "ARG"]
[WhiteElo "1825"]
[WhiteRD "58"]
[BlackElo "1819"]
[BlackRD "48"]
[GameID "298277"]

1. e4 e5 2. Nf3 f5 3. Nxe5 Qf6 4. d4 d6 5. Nc4 fxe4 6. Nc3 Qg6 7. f3 Nf6 8. fxe4 Be7 9. e5 dxe5 10. dxe5 Ng4
11. Nd5 Qe4+ 12. Be2 Bh4+ 13. Kf1 Rf8+ 14. Kg1 Bf2+ 15. Kf1 Be3+ 16. Ke1 Qxg2 17. Nxc7+ Kf7 18. Qd5+ Qxd5 19. Nxd5 Bxc1 20. Rf1+ Kg8
21. Ne7+
1-0

[Event "Lumpy's Christmas Cracker!"]
[Site "SchemingMind.com"]
[Date "2011.12.08"]
[Round "-"]
[White "jtrochez1"]
[Black "Clive Everill"]
[Result "0-1"]
[WhiteCountry "HON"]
[BlackCountry "CZE"]
[WhiteElo "1626"]
[WhiteRD "49"]
[BlackElo "1733"]
[BlackRD "52"]
[GameID "298673"]

1. e4 e6 2. d4 c5 3. c3 d5 4. e5 Qb6 5. Nf3 Nc6 6. Qa4 Bd7 7. Qd1 cxd4 8. cxd4 Bb4+ 9. Nc3 Nge7 10. a3 Bxc3+
11. bxc3 O-O 12. Bd3 Rac8 13. Bd2 Qd8 14. O-O a6 15. Qe2 f5 16. c4 b6 17. cxd5 Nxd5 18. Bxa6 Rb8 19. Rfc1 Nce7 20. a4 Nc6
21. Bg5 Qe8 22. Qd2 Ncb4 23. Bc4 Qh5 24. Bxd5 Nxd5 25. Bf4 Ra8 26. a5 bxa5 27. Ne1 a4 28. Nc2 Rfc8 29. Na3 Bc6 30. Nb1 Qg6
31. f3 Ne7 32. Kh1 Qh5 33. Qf2 Ng6 34. Bd2 Nh4 35. Be1 Nxf3 36. Qg3 Nxd4 37. Rxc6 Rxc6 38. Nc3 Nc2 39. Rc1 Nxe1 40. Qxe1 Rac8
41. h3 a3 42. Ra1 Rxc3
0-1

[Event "Lumpy's Christmas Cracker!"]
[Site "SchemingMind.com"]
[Date "2011.12.08"]
[Round "-"]
[White "jtrochez1"]
[Black "emvarela"]
[Result "0-1"]
[WhiteCountry "HON"]
[BlackCountry "ARG"]
[WhiteElo "1553"]
[WhiteRD "50"]
[BlackElo "1819"]
[BlackRD "48"]
[GameID "298674"]

1. e4 e5 2. Bc4 Nf6 3. d3 Nc6 4. a3 d5 5. exd5 Nxd5 6. Nf3 Be6 7. O-O Be7 8. Bxd5 Bxd5 9. Nbd2 Bxf3 10. Nxf3 Qd6
11. Re1 O-O-O 12. Be3 f5 13. Bg5 Bxg5 14. Nxg5 Qf6 15. Nf3 e4 16. Nd2 exd3 17. c3 Rhe8 18. Qf3 Ne5 19. Qh3 Kb8 20. f4 Ng4
21. Rxe8 Rxe8 22. Qxh7 Qb6+
0-1

[Event "Lumpy's Christmas Cracker!"]
[Site "SchemingMind.com"]
[Date "2011.12.08"]
[Round "-"]
[White "jtrochez1"]
[Black "Olli Ylönen"]
[Result "1-0"]
[WhiteCountry "HON"]
[BlackCountry "FIN"]
[WhiteElo "1625"]
[WhiteRD "51"]
[BlackElo "1768"]
[BlackRD "52"]
[GameID "298675"]

1. e4 c5 2. Nf3 d6 3. d4 cxd4 4. Nxd4 Nf6 5. Bd3 g6 6. Nc3 Bg7 7. h3 O-O 8. O-O Nc6 9. Nb3 d5 10. exd5 Nxd5
11. Nxd5 Qxd5 12. Nd2 Nd4 13. c3 Bf5 14. Bxf5 Nxf5 15. Nf3 e5 16. Qxd5
1-0

[Event "Lumpy's Christmas Cracker!"]
[Site "SchemingMind.com"]
[Date "2011.12.08"]
[Round "-"]
[White "Clive Everill"]
[Black "jtrochez1"]
[Result "1-0"]
[WhiteCountry "CZE"]
[BlackCountry "HON"]
[WhiteElo "1785"]
[WhiteRD "52"]
[BlackElo "1625"]
[BlackRD "51"]
[GameID "298676"]

1. d4 Nf6 2. Nc3 d5 3. Bg5 e6 4. e4 dxe4 5. Nxe4 Be7 6. Bxf6 Bxf6 7. c3 Bd7 8. Bd3 Nc6 9. Nf3 Qe7 10. Qc2 h6
11. O-O-O a6 12. Nc5 Bc8 13. Rde1 e5 14. dxe5 Bg5+ 15. Nxg5 Qxg5+ 16. Kb1 Qxg2 17. Rhg1 Qxh2 18. Rxg7 Qxf2 19. Qxf2
1-0

[Event "Lumpy's Christmas Cracker!"]
[Site "SchemingMind.com"]
[Date "2011.12.08"]
[Round "-"]
[White "emvarela"]
[Black "jtrochez1"]
[Result "1-0"]
[WhiteCountry "ARG"]
[BlackCountry "HON"]
[WhiteElo "1819"]
[WhiteRD "48"]
[BlackElo "1553"]
[BlackRD "50"]
[GameID "298677"]

1. d4 d5 2. Nf3 Nc6 3. c4 e6 4. Nc3 Nf6 5. Bg5 Be7 6. e3 O-O 7. Bd3 h6 8. Bxf6 Bxf6 9. cxd5 exd5 10. O-O a6
11. a3 Be6 12. b4 Ne7 13. Rc1 c6 14. e4 Ng6 15. e5 Bg5 16. Nxg5 Qxg5 17. Bxg6 Qxg6 18. Qf3 Qg4 19. Qxg4 Bxg4 20. f3 Be6
21. f4 Bf5 22. h3 b5 23. g4
1-0

[Event "Lumpy's Christmas Cracker!"]
[Site "SchemingMind.com"]
[Date "2011.12.08"]
[Round "-"]
[White "Olli Ylönen"]
[Black "jtrochez1"]
[Result "1/2-1/2"]
[WhiteCountry "FIN"]
[BlackCountry "HON"]
[WhiteElo "1815"]
[WhiteRD "53"]
[BlackElo "1656"]
[BlackRD "48"]
[GameID "298678"]

1. e4 e5 2. Nf3 Nc6 3. d4 exd4 4. Nxd4 Nge7 5. Bb5 d6 6. O-O Bd7 7. Nc3 a6 8. Ba4 Ng6 9. f4 b5 10. Bb3 Be7
11. f5 Nge5 12. Bf4 Bf6 13. Bxe5 dxe5 14. Nxc6 Bxc6 15. Qxd8+ Rxd8 16. Rad1 O-O 17. a3 Kh8 18. Rfe1 Rxd1 19. Rxd1 a5 20. Nd5 Bd8
21. g4 f6 22. Kf2 a4 23. Ba2 g5 24. c4 Bxd5 25. cxd5 Be7 26. Ke3 Bc5+ 27. Kd3 Rd8 28. Rc1 Bd6 29. Rc6 Kg7 30. b3 axb3
31. Bxb3 Ra8 32. Rc3 Rxa3 33. Bc2 Rxc3+ 34. Kxc3 b4+ 35. Kb3 h6 36. Kc4 Kf7 37. Ba4 Ke7 38. Bc6 Kd8 39. Kb3=
1/2-1/2

[Event "Lumpy's Christmas Cracker!"]
[Site "SchemingMind.com"]
[Date "2011.12.08"]
[Round "-"]
[White "bodek77"]
[Black "jtrochez1"]
[Result "1-0"]
[WhiteCountry "POL"]
[BlackCountry "HON"]
[WhiteElo "1773"]
[WhiteRD "107"]
[BlackElo "1656"]
[BlackRD "48"]
[GameID "298752"]

1. e4 e5 2. Nf3 Nc6 3. Bc4 h6 4. d4 exd4 5. Nxd4 d6 6. Nxc6 bxc6 7. Qf3 Qf6 8. Qxf6 Nxf6 9. Nc3 Be7 10. O-O O-O
11. Re1 Nd7 12. Bf4 Ne5 13. Bb3 Bf6 14. Rad1 Ng6 15. Be3 Bxc3 16. bxc3 Be6 17. Bxe6 fxe6 18. Rb1 e5 19. Rb7 Rfc8 20. Reb1 a5
21. a4 Kf8 22. g3 Ne7 23. h4 d5 24. exd5 cxd5 25. Bc5 Ke8 26. Re1 Nc6 27. f4 e4 28. Rd1 Nd8 29. Ra7 Rxa7 30. Bxa7 c6
31. Rb1 Ra8 32. Bd4 Kf7 33. Kh2 Kg6 34. Kh3 Ne6 35. Rb6 Nxd4 36. cxd4 Re8 37. Rxc6+ Kh7 38. Kg2 g5 39. hxg5 hxg5 40. fxg5 Re7
41. Rd6 Rf7 42. Rxd5 e3 43. Re5 Rf2+ 44. Kg1 Rxc2 45. Rxe3 Rc4 46. Rd3 Rxa4 47. d5 Re4 48. d6 Re8 49. d7 Rd8 50. Rd6 Kg7
51. Kh2 Kf7 52. Kh3 Ke7 53. Ra6 Rxd7 54. Rxa5 Kf7 55. Ra6 Re7 56. Rf6+ Kg7 57. Kh4 Rf7 58. Rxf7+ Kxf7 59. Kh5 Kg7 60. g6 Kh8
61. Kh6
1-0

[Event "Lumpy's Christmas Cracker!"]
[Site "SchemingMind.com"]
[Date "2011.12.09"]
[Round "-"]
[White "bodek77"]
[Black "Clive Everill"]
[Result "1-0"]
[WhiteCountry "POL"]
[BlackCountry "CZE"]
[WhiteElo "1773"]
[WhiteRD "107"]
[BlackElo "1753"]
[BlackRD "55"]
[GameID "298753"]

1. e4 d6 2. d4 Nf6 3. Nc3 g6 4. Nf3 Bg7 5. Bc4 O-O 6. O-O Nxe4 7. Nxe4 d5 8. Bxd5 Qxd5 9. Re1 Bg4 10. c3 Nc6
11. h3 Bf5 12. Qd3 e5 13. c4 Qd8 14. d5 Bxe4 15. Qxe4 f5 16. Qc2 Nb4 17. Qb3 Qd6 18. a3 Na6 19. Be3 f4 20. Bd2 b6
21. Bc3 Rfe8 22. Qc2 Bf6 23. Re4 Re7 24. b4 Rae8 25. Qa4 Nb8 26. Qxa7 c5 27. Qa8 Rd7 28. bxc5 bxc5 29. Qa5 Ree7 30. Rb1 Ra7
31. Qb6 Qxb6 32. Rxb6 Nd7 33. Re6 Kf7 34. Rxe7+ Kxe7 35. Nxe5 Nxe5 36. Bxe5 Rxa3 37. Bxf6+ Kxf6 38. Rxf4+ Ke5 39. Rf3 Ra1+ 40. Kh2 Rc1
41. Re3+ Kf6 42. Re4 Rd1 43. Re6+ Kf7 44. Rc6 Rd2 45. f3 Rd4 46. Rxc5 Ke7 47. Rc7+ Kd6 48. Rxh7 Rxc4 49. Rg7 Kxd5 50. Rxg6 Ke5
51. Kg3 Kf5 52. Rg4 Rc8 53. h4 Rh8 54. Rg5+ Kf6 55. Kg4 Rc8 56. f4 Rc4 57. h5 Rc2 58. Rg6+ Kf7 59. g3 Rc4 60. Kg5 Rc3
61. g4 Rc5+ 62. f5 Rc8 63. h6 Rg8 64. Rxg8 Kxg8 65. f6
1-0

[Event "Lumpy's Christmas Cracker!"]
[Site "SchemingMind.com"]
[Date "2011.12.09"]
[Round "-"]
[White "bodek77"]
[Black "emvarela"]
[Result "1-0"]
[WhiteCountry "POL"]
[BlackCountry "ARG"]
[WhiteElo "1843"]
[WhiteRD "101"]
[BlackElo "1803"]
[BlackRD "48"]
[GameID "298754"]

1. e4 e5 2. Nf3 Nc6 3. Bb5 a6 4. Bxc6 dxc6 5. Nc3 Nf6 6. d3 Bd6 7. O-O Bg4 8. h3 Bh5 9. d4 Bxf3 10. Qxf3 exd4
11. Re1 Be5 12. Qf5 Qd6 13. f4 dxc3 14. fxe5 Qd4+ 15. Be3 Qxe4 16. Qg5 Nd5 17. Bc5 Qg6 18. Qh4 b6 19. Bd4 c5 20. Bxc3 Nxc3
21. bxc3 Qxc2 22. e6 f6 23. e7 Qxc3 24. Rad1 Kf7 25. Rd7 Rae8 26. Qh5+
1-0

[Event "Lumpy's Christmas Cracker!"]
[Site "SchemingMind.com"]
[Date "2011.12.08"]
[Round "-"]
[White "bodek77"]
[Black "Olli Ylönen"]
[Result "0-1"]
[WhiteCountry "POL"]
[BlackCountry "FIN"]
[WhiteElo "1773"]
[WhiteRD "107"]
[BlackElo "1815"]
[BlackRD "53"]
[GameID "298755"]

1. e4 e5 2. Nf3 Nc6 3. Bb5 f5 4. Bxc6 dxc6 5. Nxe5 Qd4 6. f4 Qxe4+ 7. Qe2 Qxe2+ 8. Kxe2 Bd6 9. d4 Be6 10. Nc3 Nf6
11. g3 O-O-O 12. a3 c5 13. Nb5 Bxe5 14. dxe5 Bc4+ 15. Kf3 Bxb5 16. exf6 Bc6+ 17. Kf2 Bxh1
0-1

[Event "Lumpy's Christmas Cracker!"]
[Site "SchemingMind.com"]
[Date "2011.12.09"]
[Round "-"]
[White "jtrochez1"]
[Black "bodek77"]
[Result "0-1"]
[WhiteCountry "HON"]
[BlackCountry "POL"]
[WhiteElo "1626"]
[WhiteRD "49"]
[BlackElo "1751"]
[BlackRD "117"]
[GameID "298756"]

1. e4 e5 2. Nf3 d6 3. h3 Nf6 4. Nc3 Nc6 5. Bb5 Bd7 6. d3 h6 7. Nd5 Nxd5 8. exd5 Nb4 9. Bxd7+ Qxd7 10. c4 c6
11. a3 Na6 12. b4 cxd5 13. cxd5 Nc7 14. Qb3 Qb5 15. O-O Qxd5 16. Qc2 Ne6 17. Bb2 Nf4 18. Qc4 Qxc4 19. dxc4 Rc8 20. c5 e4
21. Rae1 d5 22. Nd4 Nd3 23. Rb1 g6 24. Nb5 Nxb2 25. Rxb2 a6 26. Nd4 Be7 27. Re2 f5 28. Ne6 Bf6 29. f4 Ke7 30. c6 Kxe6
31. cxb7 Rc4 32. Kh1 Rb8 33. g4 Rxb7 34. Kg2 Rc3 35. Ra2 Bh4 36. Rd1 Rg3+ 37. Kh2 fxg4 38. hxg4 Rxg4 39. Rf1 Kf5 40. Kh3 Rc7
41. a4 Rc3+ 42. Kh2 Bg3+ 43. Kh1 Rxf4 44. Rxf4+ Kxf4 45. a5 Kf3 46. Ra1 e3 47. Rf1+ Bf2 48. b5 Rc4 49. b6 Rh4#
0-1

[Event "Lumpy's Christmas Cracker!"]
[Site "SchemingMind.com"]
[Date "2011.12.09"]
[Round "-"]
[White "Clive Everill"]
[Black "bodek77"]
[Result "1-0"]
[WhiteCountry "CZE"]
[BlackCountry "POL"]
[WhiteElo "1733"]
[WhiteRD "52"]
[BlackElo "1751"]
[BlackRD "117"]
[GameID "298757"]

1. e4 e5 2. Nc3 Nf6 3. f4 Nc6 4. fxe5 Nxe5 5. d4 Nc6 6. e5 Ng8 7. Nf3 d6 8. Bc4 Bg4 9. O-O dxe5 10. Bxf7+ Ke7
11. Bxg8 h6 12. Bd5 exd4 13. Bxc6 bxc6 14. Qe2+
1-0

[Event "Lumpy's Christmas Cracker!"]
[Site "SchemingMind.com"]
[Date "2011.12.09"]
[Round "-"]
[White "emvarela"]
[Black "bodek77"]
[Result "0-1"]
[WhiteCountry "ARG"]
[BlackCountry "POL"]
[WhiteElo "1803"]
[WhiteRD "48"]
[BlackElo "1843"]
[BlackRD "101"]
[GameID "298758"]

1. e4 e5 2. Nf3 Nc6 3. Bb5 Nf6 4. Bxc6 dxc6 5. d3 Bc5 6. O-O Qd6 7. Be3 Bxe3 8. fxe3 O-O 9. Nbd2 b5 10. d4 Ng4
11. Qe2 exd4 12. exd4 c5 13. e5 Qc6 14. h3 Nh6 15. Nb3 c4 16. Nc5 Nf5 17. Qf2 Bb7 18. Nxb7 Qxb7 19. c3 Qd5 20. Ng5 g6
21. g4 Nh6 22. Qh4 Kg7 23. Nxh7 Rh8 24. Nf6 Nf5 25. Nh5+ Rxh5 26. Qf6+ Kh6 27. Rxf5 Rxh3 28. Raf1 Rg3+ 29. Kf2 Qg2+ 30. Ke1 Re3+
0-1

[Event "Lumpy's Christmas Cracker!"]
[Site "SchemingMind.com"]
[Date "2011.12.09"]
[Round "-"]
[White "cirovicz"]
[Black "Clive Everill"]
[Result "1/2-1/2"]
[WhiteCountry "SRB"]
[BlackCountry "CZE"]
[WhiteElo "1812"]
[WhiteRD "96"]
[BlackElo "1733"]
[BlackRD "52"]
[GameID "298811"]

1. e4 e5 2. Nf3 Nc6 3. Bb5 g6 4. d4 exd4 5. Bxc6 dxc6 6. Qxd4 Qxd4 7. Nxd4 Bg7 8. c3 Bd7 9. Be3 O-O-O 10. Na3 Nf6
11. O-O-O Nxe4 12. Nc4 h5 13. Rhe1 f5 14. g3 Bh6 15. Bxh6 Rxh6 16. f3 Nf2 17. Rd2 Nh3 18. Ne5 Be8 19. Ne6 Rxd2 20. Kxd2 g5
21. Ng7 Rd6+ 22. Kc2 Bg6 23. Nxg6 Rxg6 24. Nxf5 Rf6 25. g4 hxg4 26. fxg4 Nf2 27. Re8+ Kd7 28. Re7+ Kd8 29. Rg7 Nxg4 30. Rxg5 Nxh2
31. Rg8+ Kd7 32. Rg7+ Kd8 33. Rg8+=
1/2-1/2

[Event "Lumpy's Christmas Cracker!"]
[Site "SchemingMind.com"]
[Date "2011.12.09"]
[Round "-"]
[White "cirovicz"]
[Black "bodek77"]
[Result "1/2-1/2"]
[WhiteCountry "SRB"]
[BlackCountry "POL"]
[WhiteElo "1812"]
[WhiteRD "96"]
[BlackElo "1751"]
[BlackRD "117"]
[GameID "298812"]

1. e4 e5 2. Nf3 Nc6 3. Bc4 Nf6 4. Nc3 d6 5. O-O Be7 6. d4 Bg4 7. dxe5 Nxe5 8. Be2 Nxf3+ 9. Bxf3 Bxf3 10. Qxf3 O-O
11. Bf4=
1/2-1/2

[Event "Lumpy's Christmas Cracker!"]
[Site "SchemingMind.com"]
[Date "2011.12.09"]
[Round "-"]
[White "cirovicz"]
[Black "emvarela"]
[Result "1-0"]
[WhiteCountry "SRB"]
[BlackCountry "ARG"]
[WhiteElo "1835"]
[WhiteRD "98"]
[BlackElo "1815"]
[BlackRD "51"]
[GameID "298813"]

1. e4 e5 2. Nf3 Nc6 3. Bb5 a6 4. Bxc6 dxc6 5. c3 Qd6 6. d4 exd4 7. cxd4 Bg4 8. Nc3 O-O-O 9. Be3 Qb4 10. O-O Qxb2
11. Na4 Qa3 12. h3 Bxf3 13. gxf3 b5 14. Rc1 Qxa4 15. Qxa4 bxa4 16. Rxc6 Rd6 17. Rc4 Rg6+ 18. Kh1 Be7 19. Rfc1 Bd8 20. Bf4 c6
21. Rxa4 a5 22. d5 Kd7 23. dxc6+ Rxc6 24. Rd4+
1-0

[Event "Lumpy's Christmas Cracker!"]
[Site "SchemingMind.com"]
[Date "2011.12.09"]
[Round "-"]
[White "cirovicz"]
[Black "Olli Ylönen"]
[Result "1-0"]
[WhiteCountry "SRB"]
[BlackCountry "FIN"]
[WhiteElo "1812"]
[WhiteRD "96"]
[BlackElo "1797"]
[BlackRD "52"]
[GameID "298814"]

1. e4 e5 2. Nf3 Nc6 3. Bb5 f5 4. exf5 e4 5. Bxc6 dxc6 6. Ne5 Bxf5 7. O-O Qd4 8. Ng4 Nf6 9. Nxf6+ Qxf6 10. f3 Qg6
11. Nc3 O-O-O 12. fxe4 Bxe4 13. Nxe4 Qxe4 14. d3 Qd4+ 15. Kh1 Bd6 16. Qh5 Kb8 17. Qg5 Rhf8 18. Be3 Qxb2 19. Rab1 Qxc2 20. Rfc1 Qxd3
21. Rb3 Qg6 22. Qa5 c5 23. Bxc5 Bxh2 24. Qxa7+ Kc8 25. Qxb7+ Kd7 26. Rd1+ Ke8 27. Rxd8+ Kf7 28. Rxf8+ Ke6 29. Re3+ Be5 30. Qc6#
1-0

[Event "Lumpy's Christmas Cracker!"]
[Site "SchemingMind.com"]
[Date "2011.12.09"]
[Round "-"]
[White "jtrochez1"]
[Black "cirovicz"]
[Result "0-1"]
[WhiteCountry "HON"]
[BlackCountry "SRB"]
[WhiteElo "1626"]
[WhiteRD "49"]
[BlackElo "1812"]
[BlackRD "96"]
[GameID "298815"]

1. e4 e5 2. Nf3 d6 3. Be2 Bg4 4. d4 Nd7 5. d5 c5 6. c4 f5 7. Qc2 fxe4 8. Qxe4 Bxf3 9. Bxf3 Ngf6 10. Qc2 Qb6
11. b3 O-O-O 12. Nc3 g6 13. O-O Bg7 14. Rb1 Rde8 15. Na4 Qc7 16. a3 Rhf8 17. Re1 Qa5 18. Bd2 Qc7 19. b4 b6 20. bxc5 dxc5
21. Nc3 e4 22. Nxe4 Nxe4 23. Rxe4 Rxe4 24. Qxe4 Ne5 25. d6 Nxf3+ 26. gxf3 Qxd6 27. Be3 Qc7 28. Rd1 Kb8 29. Rd8+ Qxd8 30. Bf4+ Rxf4
31. Qxf4+ Qc7 32. Qxc7+ Kxc7 33. a4 a6 34. Kf1 Kc6 35. Ke2 b5 36. cxb5+ axb5 37. axb5+ Kxb5 38. Kd3 Kb4 39. f4 c4+ 40. Kc2 h5
41. f3 c3 42. h3 Kc4 43. Kc1 Kd3 44. f5 gxf5 45. f4 Bh6
0-1

[Event "Lumpy's Christmas Cracker!"]
[Site "SchemingMind.com"]
[Date "2011.12.09"]
[Round "-"]
[White "Clive Everill"]
[Black "cirovicz"]
[Result "0-1"]
[WhiteCountry "CZE"]
[BlackCountry "SRB"]
[WhiteElo "1733"]
[WhiteRD "52"]
[BlackElo "1812"]
[BlackRD "96"]
[GameID "298816"]

1. e4 e5 2. Nc3 Nc6 3. f4 exf4 4. Nf3 Bc5 5. d4 Bb4 6. Bxf4 d5 7. exd5 Bxc3+ 8. bxc3 Qxd5 9. Be2 Nf6 10. O-O Qa5
11. Qd3 Bg4 12. Rfe1 O-O-O= 13. Bd2 Rhe8 14. h3 Bh5 15. c4 Qa4 16. Qf5+ Kb8 17. c3 Bg6 18. Qb5 Qxb5 19. cxb5 Ne7 20. a4 Ne4
21. Rac1 Nxd2 22. Nxd2 Nd5 23. Nf3 Nf4 24. Ne5 f6 25. g3 Nxe2+ 26. Rxe2 fxe5 27. dxe5 b6 28. c4 Rd4 29. a5 Bd3 30. Re3 Rxc4
31. Ra1 Rd4 32. axb6 cxb6 33. Rf3 Bxb5 34. Rf7 a6 35. Rxg7 Rxe5 36. Rxh7 Red5 37. Rh8+ Rd8 38. Rh6 Rd1+ 39. Rxd1 Rxd1+ 40. Kf2 Kc7
41. g4 Rd6 42. Rh7+ Kc6 43. g5 Bd3 44. Rh8 a5 45. h4 a4 46. h5 b5 47. Rg8 a3 48. g6 Kb7 49. Rg7+ Kb6 50. Rg8 a2
51. Ra8 Bxg6 52. hxg6 Rxg6 53. Rxa2 b4 54. Ke3 Kb5 55. Kd4 b3 56. Rb2 Kb4 57. Re2 Ka3 58. Kc3 b2 59. Re7 Rc6+ 60. Kd2 b1=Q
61. Ra7+ Kb2 62. Rb7+ Ka1
0-1

[Event "Lumpy's Christmas Cracker!"]
[Site "SchemingMind.com"]
[Date "2011.12.09"]
[Round "-"]
[White "bodek77"]
[Black "cirovicz"]
[Result "1-0"]
[WhiteCountry "POL"]
[BlackCountry "SRB"]
[WhiteElo "1751"]
[WhiteRD "117"]
[BlackElo "1812"]
[BlackRD "96"]
[GameID "298817"]

1. e4 e5 2. Nf3 d6 3. Bc4 Nc6 4. d4 Bg4 5. d5 Nd4 6. Nbd2 f5 7. h3 fxe4 8. hxg4 exf3 9. Nxf3 Nxf3+ 10. Qxf3 Qf6
11. Qxf6 Nxf6 12. g5 Nd7 13. g6 h6 14. g4 Be7 15. g5 h5 16. f4 O-O-O 17. f5 Rdf8 18. f6 Nxf6 19. gxf6 Bxf6 20. Be3 h4
21. O-O-O a6 22. Rh3 b5 23. Be2 Kb7 24. b4 Ra8 25. a3 a5 26. Bxb5 Kc8 27. Bc6 Ra6 28. b5 Rb6 29. Bxb6 cxb6 30. c4 Kd8
31. Rdd3 Rh6 32. c5 bxc5 33. b6 Rxg6 34. b7 Kc7 35. Rb3 Kb8 36. Rb6 Rg1+ 37. Kc2 Rg2+ 38. Kd1 Rg1+ 39. Ke2 Rg2+ 40. Kf1 Ra2
41. Ra6 Ra1+ 42. Ke2 Ra2+ 43. Kd1 Ra1+ 44. Kc2 Kc7 45. Ra8
1-0

[Event "Lumpy's Christmas Cracker!"]
[Site "SchemingMind.com"]
[Date "2011.12.12"]
[Round "-"]
[White "emvarela"]
[Black "cirovicz"]
[Result "1/2-1/2"]
[WhiteCountry "ARG"]
[BlackCountry "SRB"]
[WhiteElo "1797"]
[WhiteRD "49"]
[BlackElo "1812"]
[BlackRD "96"]
[GameID "298818"]

1. e4 e5 2. Nf3 Nc6 3. Bb5 a6 4. Bxc6 dxc6 5. O-O Bd6 6. d4 Bg4 7. dxe5 Bxf3 8. Qxf3 Bxe5 9. Nd2 Ne7 10. Nc4 Ng6
11. Nxe5 Nxe5 12. Qg3 Ng6 13. Bf4 Nxf4 14. Qxf4 O-O 15. Rfd1 Qe7 16. Rd3 Rad8=
1/2-1/2

[Event "Lumpy's Christmas Cracker!"]
[Site "SchemingMind.com"]
[Date "2011.12.09"]
[Round "-"]
[White "Olli Ylönen"]
[Black "cirovicz"]
[Result "1/2-1/2"]
[WhiteCountry "FIN"]
[BlackCountry "SRB"]
[WhiteElo "1797"]
[WhiteRD "52"]
[BlackElo "1812"]
[BlackRD "96"]
[GameID "298819"]

1. e4 e5 2. Nf3 Nc6 3. d4 exd4 4. Nxd4 Nxd4 5. Qxd4 Qf6 6. Be3 c5 7. Qc3 d6 8. Bb5+ Bd7 9. Bxd7+ Kxd7 10. O-O Qxc3
11. Nxc3 Nf6 12. Rad1 Kc6 13. f4 Re8 14. e5 dxe5 15. fxe5 Ng4 16. Rfe1 Rxe5 17. Bf4 Rxe1+ 18. Rxe1 b5 19. a3 h6 20. Re8 g5
21. Rc8+ Kd7 22. Rc7+ Ke6 23. h3 gxf4 24. hxg4 b4 25. axb4 cxb4 26. Nb5 a6 27. Rc6+ Kd5 28. Rxa6 Kc4 29. Nd6+ Bxd6 30. Rxd6 h5
31. gxh5 Rxh5 32. Rf6 Rd5 33. Rxf4+ Kb5 34. c4+ bxc3 35. bxc3 Rd3 36. Rxf7 Rxc3 37. Kh2 Kc6 38. g3 Kd6 39. Rf1 Ke6 40. Kh3 Rc7
41. g4 Rh7+ 42. Kg3 Rf7=
1/2-1/2